000 00677nam a22002057a 4500
005 2010080908068.0
010 _aENG-99007
020 _a9788185984322
_c300.00
035 _aEN-82539
037 _bDBAD/PUB
082 _a658
100 _aAlapatt, Francis
_99441
245 _aThe science of selling /
_cby Francis Alapatt
260 _aMadras
_bProductivity & Quality Publishing
270 _a38, Thanikachalam Road, T.Nagar,
_bMadras
_e600 017
300 _axii, 204p.
_c23cm (pbk)
500 _aIncludes index
942 _2ddc
_cEN
_h658
_mALA
999 _c40383
_d40383